591 (465) Quiz Stats

 Plays Quiz not verified by Sporcle

Challenge
Share
Tweet
Embed
Score 0/19 Timer 10:00
0 Plays Today
% Correct
100%
100%
100%
i heard a fly buzz when I died
96.7%
the stillness in the room
90%
was like the stillness in the air
86.7%
between the heaves of storm
76.7%
the eyes around had wrung them dry
70%
and breaths were gathering firm
70%
for that last onset when the king
60%
% Correct
be witnessed in the room
60%
i willed my keepsakes signed away
53.3%
what portion of me be
53.3%
assignable and then it was
53.3%
there interposed a fly
53.3%
with blue uncertain stumbling buzz
53.3%
between the light and me
53.3%
and then the windows failed and then
53.3%
i could not see to see
53.3%

You're not logged in!

Compare scores with friends on all Sporcle quizzes.
Join for Free
OR
Log In

You Might Also Like...

Show Comments

Extras

Created May 10, 2010ReportNominate

Top Quizzes Today


Score Distribution

Your Account Isn't Verified!

In order to create a playlist on Sporcle, you need to verify the email address you used during registration. Go to your Sporcle Settings to finish the process.

Report this User

Report this user for behavior that violates our Community Guidelines.

Details: